000
00317nam a22001337a 4500
003
OSt
008
231012b |||||||| |||| 00| 0 eng d
041
_a
eng
082
_a
894.81209
_b
DAM
100
_a
Damodharapillai, P
_9
5519
245
_a
Deepandhikam
260
_a
City Press
_b
Thiruvanandhapuram
_c
1968
942
_c
BK
999
_c
17737
_d
17737